[Event "Tournoi Skype 026B"]
[Site "Skype"]
[Date "????.??.??"]
[Round "3.17"]
[White "Gerbaux, Regis"]
[Black "Dib, Catherine"]
[Result "1-0"]
[WhiteElo "1404"]
[BlackElo "1099"]
[PlyCount "65"]

1. d4 Nf6 2. Bf4 d5 3. e3 e6 4. Nf3 Bd6 5. Bg3 Nbd7 6. Bd3 O-O 7. Ne5 Bxe5 8.
dxe5 Ne4 9. Nd2 Nxd2 10. Qxd2 c5 11. c3 Qc7 12. f4 b6 13. O-O-O a5 14. Qe2 c4
15. Bc2 Ba6 16. Rhf1 Rfd8 17. Qh5 g6 18. Qg5 Nc5 19. f5 a4 20. fxg6 fxg6 21.
Bh4 Rd7 22. Rf6 Re7 23. Bxg6 Rg7 24. Bxh7+ Kxh7 25. Qh6+ Kg8 26. Rdf1 Rh7 27.
Rg6+ Rg7 28. Bf6 Rxg6 29. Qxg6+ Kf8 30. Qh6+ Kg8 31. Qh8+ Kf7 32. Bh4+ Kg6 33.
Rf6# 1-0

[Event "Tournoi Skype 026B"]
[Site "Skype"]
[Date "????.??.??"]
[Round "3.18"]
[White "Porcabeuf, Jean-Marc"]
[Black "Duthoit, Bernard"]
[Result "0-1"]
[WhiteElo "1208"]
[BlackElo "1378"]
[PlyCount "44"]

1. e4 e6 2. d4 d5 3. exd5 exd5 4. Nf3 Nf6 5. Nc3 Bb4 6. Bd3 O-O 7. O-O Re8 8.
Nb1 Bg4 9. c3 Bd6 10. Nbd2 c6 11. Qc2 Bxf3 12. Nxf3 Nbd7 13. Bg5 Nf8 14. Rae1
h6 15. Bh4 g5 16. Nxg5 hxg5 17. Bxg5 Rxe1 18. Rxe1 Kg7 19. h4 N8d7 20. Re3 Qh8
21. Rh3 Re8 22. Bf5 Re1# 0-1

[Event "Tournoi Skype 026B"]
[Site "Skype"]
[Date "????.??.??"]
[Round "3.20"]
[White "De Coninck, Philippe"]
[Black "Mimouni, Driss"]
[Result "0-1"]
[WhiteElo "1352"]
[BlackElo "1052"]
[PlyCount "62"]

1. e4 e5 2. Nf3 Nc6 3. Bc4 d6 4. Nc3 Be6 5. Bxe6 fxe6 6. d3 Nf6 7. Bg5 Nd4 8.
Nxd4 exd4 9. Nb5 a6 10. Bxf6 gxf6 11. Nxd4 Qd7 12. O-O d5 13. Qg4 f5 14. exf5
Qg7 15. Qxg7 Bxg7 16. Nxe6 Bxb2 17. Rab1 Bc3 18. Nxc7+ Kd7 19. Nxa8 Rxa8 20.
Rxb7+ Kd6 21. Rfb1 Bd4 22. R1b4 Ke5 23. g3 Rf8 24. Re7+ Kd6 25. Re6+ Kc5 26. a3
Rxf5 27. Kg2 Rxf2+ 28. Kh3 a5 29. Rb3 Rxc2 30. a4 Ra2 31. Rb4 Kxb4 0-1

[Event "Tournoi Skype 026B"]
[Site "Skype"]
[Date "????.??.??"]
[Round "3.21"]
[White "Maccaferri, Massimo"]
[Black "Torres, Vicky"]
[Result "1-0"]
[WhiteElo "1160"]
[BlackElo "1327"]
[PlyCount "85"]

1. e4 c5 2. Bc4 e6 3. d4 d5 4. Bb5+ Bd7 5. Bxd7+ Qxd7 6. exd5 Qxd5 7. c3 Qxg2
8. Qf3 Qg6 9. Qxb7 Nd7 10. Qxa8+ Ke7 11. dxc5 Nxc5 12. Qxa7+ Nd7 13. Qb7 Qc2
14. Nd2 Ngf6 15. b3 Nd5 16. Ba3+ Kd8 17. Qa8+ Kc7 18. Qa7+ Kc6 19. Bxf8 Rxf8
20. Qa6+ N7b6 21. a4 Qxc3 22. Rd1 Qe5+ 23. Ne2 Ra8 24. Qb5+ Kd6 25. Nc4+ Nxc4
26. bxc4 Qe4 27. Rg1 Rc8 28. cxd5 exd5 29. Qa6+ Rc6 30. Qa8 Rc2 31. Rd2 Rc1+
32. Rd1 Rc4 33. Qd8+ Ke6 34. f3 Qxf3 35. Nd4+ Rxd4 36. Rxd4 Qe3+ 37. Kf1 Qxd4
38. a5 Qc4+ 39. Kg2 Qc6 40. Re1+ Kf5 41. Rf1+ Kg6 42. h4 h5 43. Qg5+ 1-0

[Event "Tournoi Skype 026B"]
[Site "Skype"]
[Date "????.??.??"]
[Round "3.22"]
[White "Homme, Jim"]
[Black "Rosenkoetter, David"]
[Result "0-1"]
[WhiteElo "1135"]
[BlackElo "1322"]
[PlyCount "58"]

1. d4 c6 2. Nf3 Nf6 3. e3 d5 4. Bd3 Bg4 5. Be2 c5 6. Nbd2 Qb6 7. Rb1 Nc6 8. c4
e6 9. b3 cxd4 10. exd4 Bd6 11. O-O O-O 12. Bd3 dxc4 13. bxc4 Qc7 14. Bb2 Rfd8
15. Qc2 h5 16. Rfe1 Nb4 17. Qb3 Nxd3 18. Re3 Nxb2 19. Rxb2 b6 20. Ne4 Nxe4 21.
Rxe4 Bxf3 22. gxf3 g6 23. Rh4 Bxh2+ 24. Rxh2 Rxd4 25. Rb1 Rad8 26. Kg2 Rxc4 27.
Rhh1 Rd5 28. Rhd1 Rg5+ 29. Kh1 Rh4# 0-1

[Event "Tournoi Skype 026B"]
[Site "Skype"]
[Date "????.??.??"]
[Round "3.23"]
[White "Moumtaz, Abderrahim"]
[Black "Cayllahua, Braulio Idme"]
[Result "0-1"]
[WhiteElo "1295"]
[BlackElo "1000"]
[PlyCount "108"]

1. d4 d5 2. c4 c6 3. Nc3 e6 4. Nf3 g6 5. Bg5 Qc7 6. e3 Bg7 7. Bf4 Qd8 8. Bd3
Ne7 9. O-O O-O 10. Re1 a5 11. Bxb8 Rxb8 12. a4 f5 13. Ne5 Qb6 14. Qc2 Bxe5 15.
dxe5 Qc5 16. cxd5 Nxd5 17. Nxd5 Qxc2 18. Bxc2 cxd5 19. f4 Bd7 20. Bd3 Rfc8 21.
Rac1 Bxa4 22. Ra1 b5 23. Rec1 Rxc1+ 24. Rxc1 Rb7 25. Rc6 Kf7 26. Ra6 Bb3 27.
Rxa5 Bc4 28. Bc2 b4 29. b3 Bb5 30. Kf2 Ke7 31. Ke1 Kd7 32. Kd2 Bf1 33. g3 Rc7
34. Rb5 Bxb5 35. h3 Rc3 36. g4 Bf1 37. gxf5 gxf5 38. h4 Ke7 39. h5 Be2 40. h6
Bf1 41. Bd1 Bd3 42. Bh5 Rxb3 43. Bd1 Rc3 44. Ba4 Bc4 45. Bc2 Ra3 46. Bb1 Kf7
47. Bc2 b3 48. Bb1 Ra1 49. Kc1 Bd3 50. Kb2 Rxb1+ 51. Kc3 Bc4 52. Kb4 Rh1 53.
Kc3 Rh2 54. Kb4 b2 0-1

[Event "Tournoi Skype 026B"]
[Site "Skype"]
[Date "????.??.??"]
[Round "3.24"]
[White "Alverson, Ginny"]
[Black "Yilmazer, Seher"]
[Result "0-1"]
[WhiteElo "1083"]
[BlackElo "1295"]
[PlyCount "62"]

1. Nf3 d5 2. d4 Nf6 3. e3 e6 4. Bb5+ Bd7 5. Nc3 Bxb5 6. Nxb5 a6 7. Nc3 Bd6 8.
O-O O-O 9. Re1 Nbd7 10. e4 Bb4 11. Bd2 Bxc3 12. Bxc3 Nxe4 13. Qd3 Nxc3 14. Qxc3
h5 15. Ne5 Nf6 16. Qg3 c6 17. Qg5 Qb6 18. c3 Qxb2 19. Rad1 Qxc3 20. Re3 Qc2 21.
Rde1 Ne4 22. Rxe4 dxe4 23. Nd7 f6 24. Qg6 Rf7 25. Nc5 Qxa2 26. Nxe4 Rd8 27. Rd1
Rxd4 28. Qxh5 Qa4 29. Nc3 Qb3 30. Qa5 Rxd1+ 31. Nxd1 Qxd1+ 0-1

[Event "Tournoi Skype 026B"]
[Site "Skype"]
[Date "????.??.??"]
[Round "3.25"]
[White "Mhabdi, Mahesh"]
[Black "Clemente Alcahua, Kaparso"]
[Result "1-0"]
[WhiteElo "1287"]
[BlackElo "1000"]
[PlyCount "51"]

1. d4 Nf6 2. c4 e6 3. Nf3 c6 4. Nc3 d5 5. Bd2 Bd6 6. Qc2 Nbd7 7. a3 e5 8. dxe5
Bxe5 9. O-O-O dxc4 10. Nxe5 Nxe5 11. h3 O-O 12. Bf4 Qe7 13. e3 b5 14. g4 b4 15.
axb4 a5 16. Qa4 Nd3+ 17. Bxd3 cxd3 18. Rxd3 Ba6 19. Rd4 Rfd8 20. Rxd8+ Rxd8 21.
Rd1 Rxd1+ 22. Kxd1 Qd7+ 23. Kc1 Nd5 24. Qxa5 Nxc3 25. bxc3 Qb7 26. Qd8# 1-0

[Event "Tournoi Skype 026B"]
[Site "Skype"]
[Date "????.??.??"]
[Round "3.26"]
[White "Schnell, Nicolas"]
[Black "Erten, Ozlem"]
[Result "1-0"]
[WhiteElo "1006"]
[BlackElo "1278"]
[PlyCount "35"]

1. e4 c6 2. e5 d5 3. Nc3 Bf5 4. Qh5 Bg6 5. Qg4 Bxc2 6. e6 fxe6 7. Qh5+ Bg6 8.
Qe5 Bf7 9. Nf3 Qd6 10. Qg5 h6 11. Qg4 Nf6 12. Qa4 b5 13. Qd1 Nbd7 14. Nd4 Qe5+
15. Nde2 Nc5 16. d4 Nd3+ 17. Qxd3 Qe4 18. Nxe4 1-0

[Event "Tournoi Skype 026B"]
[Site "Skype"]
[Date "????.??.??"]
[Round "3.27"]
[White "Luunge, Abdi"]
[Black "Codina, Teresa"]
[Result "1-0"]
[WhiteElo "1000"]
[BlackElo "1227"]
[PlyCount "79"]

1. e4 c5 2. Nf3 d6 3. c3 Nf6 4. d3 e6 5. h3 Be7 6. Be2 O-O 7. Qc2 Nc6 8. Be3
Bd7 9. a3 Rc8 10. Nbd2 h6 11. Nb3 e5 12. Nbd2 Be6 13. O-O d5 14. Ng5 hxg5 15.
Bxg5 dxe4 16. dxe4 Nh7 17. Be3 b6 18. Nf3 Nf6 19. Rad1 Qc7 20. Bg5 c4 21. Bh4
b5 22. b4 a5 23. Bg3 Nd7 24. Qc1 axb4 25. axb4 Rfd8 26. Qe3 Bf6 27. Bh4 Bxh4
28. Nxh4 Nf6 29. Bf3 Rd7 30. Qg5 Ne7 31. Rfe1 Rd3 32. Rc1 Ra8 33. Nf5 Nxf5 34.
exf5 Bc8 35. Bxa8 Qd8 36. Rxe5 Rd1+ 37. Rxd1 Qxd1+ 38. Kh2 Qd6 39. Qf4 Qb8 40.
Re8+ 1-0

[Event "Tournoi Skype 026B"]
[Site "Skype"]
[Date "????.??.??"]
[Round "3.28"]
[White "Hargez, Dany"]
[Black "Pourtahmasbi, Ednun"]
[Result "0-1"]
[WhiteElo "1217"]
[BlackElo "1000"]
[PlyCount "97"]

1. e4 e5 2. d4 exd4 3. Qxd4 Nf6 4. e5 Ng8 5. Nf3 Nc6 6. Qe3 d6 7. Bb5 Bd7 8.
exd6+ Be7 9. Bxc6 Bxc6 10. O-O cxd6 11. Nc3 Nf6 12. Qe2 Nd5 13. Nxd5 Bxd5 14.
Bg5 Bxf3 15. Qxf3 Bxg5 16. Rfe1+ Be7 17. Qxb7 O-O 18. Rxe7 Re8 19. Rae1 Kf8 20.
Qe4 Rxe7 21. Qxe7+ Qxe7 22. Rxe7 Kxe7 23. g4 Rc8 24. c3 Rf8 25. f4 f5 26. g5 h6
27. h4 hxg5 28. hxg5 Rb8 29. b4 a5 30. a3 axb4 31. axb4 Rc8 32. g6 Rxc3 33. b5
Rb3 34. b6 Rxb6 35. Kg2 d5 36. Kf2 d4 37. Ke2 Rb2+ 38. Kd3 Rb4 39. Kc2 Kd6 40.
Kd3 Kd5 41. Kd2 Rb3 42. Kc2 Kc4 43. Kd2 d3 44. Ke3 Rb2 45. Kf3 d2 46. Ke2 Kc3
47. Kd1 Rb1+ 48. Ke2 d1=Q+ 49. Kf2 0-1

[Event "Tournoi Skype 026B"]
[Site "Skype"]
[Date "????.??.??"]
[Round "3.30"]
[White "Pasasin, Alejandro"]
[Black "Ruiz Gomez, Luz Alba"]
[Result "1/2-1/2"]
[WhiteElo "1000"]
[BlackElo "1211"]
[PlyCount "84"]

1. e4 e5 2. Bc4 Nf6 3. Qe2 Bc5 4. d3 h6 5. Nf3 Nc6 6. c3 O-O 7. O-O d6 8. h3
Re8 9. Nbd2 Be6 10. Bb3 Bxb3 11. Nxb3 Bb6 12. Nbd2 Qd7 13. Kh1 Qe6 14. Re1 Ne7
15. Nf1 Ng6 16. Ng3 a6 17. Be3 Ba7 18. a4 a5 19. d4 c6 20. c4 Nf4 21. Bxf4 exf4
22. d5 cxd5 23. cxd5 Nxd5 24. exd5 Qxe2 25. Rxe2 fxg3 26. Rxe8+ Rxe8 27. fxg3
Re4 28. b3 Bd4 29. Rc1 Bb6 30. Rc8+ Kh7 31. Rb8 Bf2 32. Kh2 b6 33. Rd8 Bc5 34.
Rd7 Kg6 35. Nh4+ Kf6 36. g4 Re1 37. Nf5 Bg1+ 38. Kg3 Bc5 39. Nxd6 Re3+ 40. Kh2
Rxb3 41. Nxf7 Rd3 42. h4 Rd4 1/2-1/2

[Event "Tournoi Skype 026B"]
[Site "Skype"]
[Date "????.??.??"]
[Round "3.31"]
[White "Florez Beltran, Leidy Lucila"]
[Black "Cayo, Ana Carolina"]
[Result "0-1"]
[WhiteElo "1000"]
[BlackElo "1438"]
[PlyCount "62"]

1. e4 c6 2. Nc3 d5 3. d4 dxe4 4. Nxe4 Bf5 5. Bd3 e6 6. Nf3 Nd7 7. Bg5 Be7 8.
O-O Bxe4 9. Bxe4 Bxg5 10. Qd3 f5 11. Rfe1 fxe4 12. Qxe4 Nf8 13. c4 Be7 14. Ne5
Nf6 15. Qd3 N8d7 16. Nf3 O-O 17. Ng5 Re8 18. Nxe6 Nc5 19. Qh3 Nxe6 20. Qxe6+
Kh8 21. Rad1 Bb4 22. Qh3 Rxe1+ 23. Rxe1 Bxe1 24. Qe3 Qe8 25. Kf1 Qxe3 26. fxe3
Ba5 27. a3 Re8 28. Kf2 Ng4+ 29. Kg3 Nxe3 30. b4 Bc7+ 31. Kf3 Nxc4 0-1

[Event "Tournoi Skype 026B"]
[Site "Skype"]
[Date "????.??.??"]
[Round "3.32"]
[White "Roberts, Mario"]
[Black "Perez, Luis Horacio"]
[Result "0-1"]
[WhiteElo "1000"]
[BlackElo "1323"]
[PlyCount "62"]

1. d4 d5 2. Bf4 Nc6 3. Nf3 h6 4. e3 Bf5 5. Bd3 Qd7 6. c4 g5 7. Bxg5 hxg5 8.
Nxg5 O-O-O 9. Bxf5 Qxf5 10. Nf3 dxc4 11. Qa4 e6 12. Qxc4 Nge7 13. Nc3 Nd5 14.
Rc1 Nb6 15. Qe2 Bd6 16. Nb5 Bb4+ 17. Nd2 a6 18. O-O axb5 19. Nb3 Bd6 20. g3 Qh3
21. f4 f6 22. Rc2 e5 23. dxe5 fxe5 24. Qxb5 exf4 25. exf4 Qh7 26. Rff2 Rhf8 27.
Rfd2 Rde8 28. Rc1 Bxf4 29. gxf4 Rg8+ 30. Kf1 Qh3+ 31. Kf2 Qg2# 0-1

[Event "Tournoi Skype 026B"]
[Site "Skype"]
[Date "????.??.??"]
[Round "3.33"]
[White "Borg, Anthony"]
[Black "Tolaro, Filippa"]
[Result "1-0"]
[WhiteElo "1304"]
[BlackElo "1000"]
[PlyCount "25"]

1. e4 c6 2. Nf3 d5 3. exd5 cxd5 4. d4 Bf5 5. Bb5+ Nd7 6. Ne5 Ngf6 7. Bg5 e6 8.
Bxf6 Bb4+ 9. c3 Qxf6 10. Bxd7+ Ke7 11. cxb4 Qg6 12. Nd2 f6 13. Nxg6+ 1-0

[Event "Tournoi Skype 026B"]
[Site "Skype"]
[Date "????.??.??"]
[Round "3.34"]
[White "Vincent, Andre"]
[Black "Trapletti, Cosetta"]
[Result "1-0"]
[WhiteElo "1358"]
[BlackElo "1047"]
[PlyCount "55"]

1. d4 d5 2. Bf4 Bf5 3. Nd2 Nf6 4. Ngf3 e6 5. Ne5 c5 6. c3 Qe7 7. e3 Nc6 8. Bb5
Nd7 9. Bxc6 bxc6 10. Nxc6 Qf6 11. Qa4 Nb6 12. Qd1 Rc8 13. Nxa7 Rc7 14. Bxc7 Nd7
15. Qa4 Be7 16. Nf3 O-O 17. Qxd7 Bd3 18. Be5 Qg6 19. Rg1 f6 20. Qxe6+ Kh8 21.
Qxe7 Rg8 22. Bf4 h6 23. Qxc5 Qf5 24. Kd2 Ba6 25. Nb5 g5 26. Bg3 g4 27. Nh4 Bc8
28. Nxf5 1-0

[Event "Tournoi Skype 026B"]
[Site "Skype"]
[Date "????.??.??"]
[Round "3.35"]
[White "Clayton, Estelita"]
[Black "Milanese, Serge"]
[Result "0-1"]
[WhiteElo "1000"]
[BlackElo "1311"]
[PlyCount "66"]

1. Nf3 d5 2. d4 Nf6 3. c4 e6 4. a3 Nc6 5. e3 Ne4 6. Bd3 Nf6 7. O-O Be7 8. Bd2
a5 9. a4 O-O 10. b3 b6 11. b4 Bxb4 12. Bxb4 Nxb4 13. Be2 Ba6 14. Nc3 c6 15. Qb3
h6 16. Na2 Qd6 17. Nxb4 axb4 18. a5 bxa5 19. Rxa5 Bxc4 20. Rxd5 Bxd5 21. Bc4
Ra3 22. Qc2 b3 23. Qc3 Bxc4 24. Qxc4 Ne4 25. g3 b2 26. Kg2 Ra1 27. Qd3 Rb8 28.
Nd2 Nxd2 29. Qxd2 Rxf1 30. Kxf1 b1=Q+ 31. Kg2 Qd5+ 32. f3 Rb2 33. Qxb2 Qxb2+
0-1

[Event "Tournoi Skype 026B"]
[Site "Skype"]
[Date "????.??.??"]
[Round "3.36"]
[White "Yanez, Leticia Jorgelina"]
[Black "Hampton, Irene"]
[Result "1/2-1/2"]
[WhiteElo "1181"]
[BlackElo "1000"]
[PlyCount "62"]

1. e4 e5 2. Nf3 d6 3. Bc4 Qd7 4. h3 Nc6 5. c3 b6 6. d4 Bb7 7. Bd5 Nge7 8. Bxf7+
Kxf7 9. Ng5+ Ke8 10. Qh5+ g6 11. Qf3 Nf5 12. d5 Na5 13. Ne6 Bxd5 14. exd5 e4
15. Qxe4 Qb5 16. Nxc7+ Kf7 17. Nxb5 Rd8 18. Bg5 Re8 19. Nd2 Nc4 20. O-O Nxd2
21. Qd3 Nxf1 22. Rxf1 a6 23. Nc7 Re5 24. Ne6 Bh6 25. Bxh6 Nxh6 26. Qf3+ Nf5 27.
Ng5+ Kf6 28. Ne4+ Ke7 29. c4 Rc8 30. b3 a5 31. a4 h5 1/2-1/2

[Event "Tournoi Skype 026B"]
[Site "Skype"]
[Date "????.??.??"]
[Round "3.38"]
[White "Jimenez Cabrera, Rodolfo"]
[Black "De Fazio, Monica"]
[Result "1-0"]
[WhiteElo "1000"]
[BlackElo "1136"]
[PlyCount "63"]

1. e4 e5 2. Bc4 d6 3. Nf3 Be7 4. d3 Nf6 5. Bg5 Ng4 6. Bxe7 Qxe7 7. Qe2 O-O 8.
h3 Nf6 9. Nbd2 Be6 10. Bb5 a6 11. Ba4 Nc6 12. O-O-O Bxa2 13. Bb3 Bxb3 14. Nxb3
d5 15. h4 h6 16. Nh2 Rad8 17. exd5 Nxd5 18. g4 Qxh4 19. f3 Qg5+ 20. Kb1 b6 21.
Qe4 Rfe8 22. Nf1 Nd4 23. Rh5 Qf6 24. g5 Qg6 25. Ng3 Nf4 26. Qxg6 Nxg6 27. gxh6
Nxf3 28. h7+ Kf8 29. Rf1 Nh2 30. Rxh2 c5 31. Nf5 e4 32. h8=Q+ 1-0

[Event "Tournoi Skype 026B"]
[Site "Skype"]
[Date "????.??.??"]
[Round "3.39"]
[White "Barrionuevo, Hilario"]
[Black "Tupe, Jyoti"]
[Result "1-0"]
[WhiteElo "1106"]
[BlackElo "1000"]
[PlyCount "69"]

1. d4 Nc6 2. d5 Ne5 3. Bf4 d6 4. b4 e6 5. Nc3 Nf6 6. e4 exd5 7. exd5 Bf5 8.
Bb5+ c6 9. Bd3 Qd7 10. b5 cxd5 11. b6 d4 12. Bb5 Nc6 13. Na4 a6 14. Bd3 d5 15.
Nf3 Bb4+ 16. Bd2 O-O 17. a3 Rae8+ 18. Kf1 Ne4 19. Bxb4 Nxb4 20. axb4 Re6 21.
Nc5 Nc3 22. Qd2 Qe7 23. Bxf5 Rxb6 24. Qxd4 Ne2 25. Qd3 g6 26. Bh3 Nf4 27. Qd2
Nxh3 28. gxh3 Re8 29. Re1 Qd8 30. Kg2 a5 31. bxa5 Rb5 32. Qd4 Rxa5 33. Nxb7 Qc7
34. Nxa5 Qxa5 35. Rxe8# 1-0

[Event "Tournoi Skype 026B"]
[Site "Skype"]
[Date "????.??.??"]
[Round "3.40"]
[White "Marty, Yvette"]
[Black "Gagnon, Sindy"]
[Result "0-1"]
[WhiteElo "1000"]
[BlackElo "1032"]
[PlyCount "30"]

1. e4 e5 2. d3 d6 3. c4 Nf6 4. Nd2 Be7 5. Nh3 O-O 6. Be2 Nc6 7. Nb3 Be6 8. Bg5
h6 9. Bh4 Qd7 10. f4 d5 11. fxe5 Nh7 12. cxd5 Bxh4+ 13. Kd2 Nxe5 14. Nc5 Qe7
15. dxe6 fxe6 0-1

[Event "Tournoi Skype 026B"]
[Site "Skype"]
[Date "????.??.??"]
[Round "4.1"]
[White "Ortiz, Vladimir"]
[Black "Malbec, Robert"]
[Result "1-0"]
[WhiteElo "1432"]
[BlackElo "1322"]
[PlyCount "81"]

1. d4 d5 2. c3 Nf6 3. Bg5 e6 4. e3 Nbd7 5. Nf3 h6 6. Bxf6 Nxf6 7. Nbd2 Be7 8.
h3 O-O 9. Be2 Bd7 10. Ne5 Bc8 11. O-O Bd6 12. Ng4 c6 13. Nxf6+ Qxf6 14. Nf3 Re8
15. Re1 e5 16. dxe5 Bxe5 17. Nxe5 Rxe5 18. Bg4 Qg6 19. Bxc8 Rxc8 20. Qg4 Rce8
21. Qxg6 fxg6 22. Re2 g5 23. Rae1 h5 24. f3 g6 25. Kf2 h4 26. e4 dxe4 27. Rxe4
Rxe4 28. Rxe4 Rxe4 29. fxe4 Kf7 30. Kf3 Ke6 31. Kg4 Kf6 32. g3 hxg3 33. Kxg3 b6
34. Kg4 c5 35. e5+ Kxe5 36. Kxg5 Ke6 37. Kxg6 Ke7 38. Kg7 Ke6 39. h4 Kf5 40. h5
Kg5 41. h6 1-0

[Event "Tournoi Skype 026B"]
[Site "Skype"]
[Date "????.??.??"]
[Round "4.2"]
[White "Farfallini, Michel"]
[Black "Munoz Gonzalez, Martin"]
[Result "0-1"]
[WhiteElo "1283"]
[BlackElo "1405"]
[PlyCount "108"]

1. e4 e5 2. Nf3 Nc6 3. Bb5 a6 4. Bxc6 dxc6 5. O-O Bg4 6. d3 Be7 7. c3 Nf6 8.
Nbd2 O-O 9. Qb3 Bxf3 10. Nxf3 Qxd3 11. Re1 Qb5 12. Qxb5 axb5 13. Nxe5 Bd6 14.
Nf3 Bc5 15. h3 Rfe8 16. e5 Nd5 17. Bg5 b4 18. c4 Ne7 19. b3 Ng6 20. Re2 f6 21.
Be3 Nxe5 22. Nxe5 Rxe5 23. Rae1 Bxe3 24. Rxe3 Rxe3 25. Rxe3 Kf7 26. Re2 c5 27.
Rd2 Re8 28. Kf1 c6 29. Rd7+ Re7 30. Rd2 b5 31. Rc2 Rc7 32. f4 Ke6 33. Ke2 Rc8
34. Kd3 Kd7 35. f5 Rc7 36. g4 Kc8 37. h4 Rd7+ 38. Ke4 Re7+ 39. Kd3 Re5 40. Kd2
Kb7 41. Rc1 Kb6 42. Re1 Rxe1 43. Kxe1 Kc7 44. Kd2 Kd6 45. Kd3 Ke5 46. Kc2 Kd4
47. cxb5 cxb5 48. Kb2 c4 49. bxc4 bxc4 50. g5 Kd3 51. Kc1 Kc3 52. gxf6 gxf6 53.
Kb1 Kd2 54. h5 c3 0-1

[Event "Tournoi Skype 026B"]
[Site "Skype"]
[Date "????.??.??"]
[Round "4.3"]
[White "Santos, Joselito"]
[Black "Khatanhar, Mohit"]
[Result "1-0"]
[WhiteElo "1346"]
[BlackElo "1256"]
[PlyCount "73"]

1. d4 d5 2. Bf4 e6 3. e3 Bd6 4. Bg3 Bxg3 5. hxg3 Nc6 6. Bb5 Bd7 7. c3 a6 8. Bd3
h6 9. Nd2 Nf6 10. Ngf3 Qe7 11. a3 O-O-O 12. b4 Na7 13. Ne5 Ne8 14. Qf3 f6 15.
Ng6 Qd6 16. Nxh8 Qc6 17. Nb1 Nd6 18. Ng6 Kb8 19. Kd2 Qa4 20. Kc1 Qc6 21. Kb2
Nc4+ 22. Bxc4 Qxc4 23. Nd2 Qc6 24. Rac1 Qa4 25. c4 dxc4 26. Nxc4 Re8 27. Na5
Bc6 28. Nxc6+ Nxc6 29. Rxc6 bxc6 30. Rc1 Ka7 31. Rxc6 Rb8 32. Rxc7+ Kb6 33. Rc5
Ka7 34. Rc7+ Kb6 35. Qf4 Re8 36. Qd6+ Kb5 37. Qc5# 1-0

[Event "Tournoi Skype 026B"]
[Site "Skype"]
[Date "????.??.??"]
[Round "4.4"]
[White "Hernandez Lopez, Joaquin"]
[Black "Felippe E Silva, Glenda"]
[Result "0-1"]
[WhiteElo "1277"]
[BlackElo "1314"]
[PlyCount "106"]

1. c4 Nf6 2. d3 c6 3. g3 e6 4. Bg2 d5 5. cxd5 exd5 6. e3 Bf5 7. Ne2 Nbd7 8. O-O
Be7 9. Nbc3 O-O 10. Nd4 Bg6 11. a3 Ne5 12. e4 dxe4 13. dxe4 c5 14. Nf5 Bxf5 15.
exf5 Qxd1 16. Rxd1 Rad8 17. Bf4 Nc6 18. Rd2 Rxd2 19. Bxd2 Rd8 20. Be3 Rd7 21.
Rd1 Nd4 22. Kf1 Nxf5 23. Bg5 Rxd1+ 24. Nxd1 b5 25. Bh3 Nd6 26. Ne3 h6 27. Nf5
Nxf5 28. Bxf6 Bxf6 29. Bxf5 Bxb2 30. Bd7 b4 31. a4 c4 32. Ke2 c3 33. Bf5 Bc1
34. Bc2 Bg5 35. f4 Be7 36. h3 f6 37. f5 Kf8 38. Kf3 Ke8 39. Ke4 Kd7 40. Kd5 Kc7
41. Ke6 Bd6 42. g4 Kc6 43. Kf7 Kc5 44. Bb3 Kd4 45. Kxg7 Kd3 46. Kxh6 c2 47.
Bxc2+ Kxc2 48. g5 fxg5 49. f6 b3 50. Kg7 b2 51. f7 b1=Q 52. f8=Q Bxf8+ 53. Kxf8
Qb7 0-1

[Event "Tournoi Skype 026B"]
[Site "Skype"]
[Date "????.??.??"]
[Round "4.5"]
[White "Couto, Januario"]
[Black "Battaglia, Gabriele"]
[Result "1-0"]
[WhiteElo "1448"]
[BlackElo "1243"]
[PlyCount "55"]

1. c4 c5 2. Nc3 Nc6 3. g3 Nf6 4. Bg2 g6 5. e3 Bg7 6. Nge2 O-O 7. O-O d6 8. d4
Bg4 9. h3 Bxe2 10. Nxe2 Qb6 11. Rb1 cxd4 12. exd4 Rad8 13. d5 Ne5 14. b3 Nh5
15. Be3 Qa5 16. Qc2 a6 17. g4 Nf6 18. b4 Qc7 19. c5 dxc5 20. bxc5 Nxd5 21. Bd4
Nf6 22. Rxb7 Qa5 23. Bxe5 Rd2 24. Qc4 Rfd8 25. g5 Ne8 26. Bxg7 Nxg7 27. Rxe7
Rxa2 28. Qxf7+ 1-0

[Event "Tournoi Skype 026B"]
[Site "Skype"]
[Date "????.??.??"]
[Round "4.6"]
[White "Castellar, Juarez Iorio"]
[Black "Rodriguez, Nathalie"]
[Result "1/2-1/2"]
[WhiteElo "1294"]
[BlackElo "1268"]
[PlyCount "107"]

1. d4 d5 2. Bf4 Nf6 3. e3 Bf5 4. Bd3 Bg6 5. Bg3 e6 6. c3 Be7 7. Nf3 Nbd7 8. Ne5
Nxe5 9. dxe5 Nd7 10. f4 f6 11. exf6 Nxf6 12. Qe2 Bxd3 13. Qxd3 O-O 14. O-O c6
15. Nd2 Nh5 16. Bf2 Qb6 17. Qc2 Bc5 18. Rae1 Nxf4 19. Qb3 Ng6 20. Qxb6 Bxb6 21.
a3 Ne5 22. b3 Nd3 23. Re2 Nxf2 24. Rfxf2 Rxf2 25. Kxf2 Rf8+ 26. Nf3 e5 27. Kg1
e4 28. Ne5 Rd8 29. b4 Bc7 30. Ng4 h5 31. Nf2 Be5 32. Nd1 b6 33. Rf2 c5 34. Rf5
Bf6 35. Rxh5 d4 36. cxd4 cxd4 37. Kf2 dxe3+ 38. Nxe3 Bd4 39. Ke2 Bxe3 40. Kxe3
Re8 41. Rh4 Rc8 42. Rxe4 Rc3+ 43. Kd4 Rxa3 44. Re2 Ra4 45. Kc3 Ra3+ 46. Kb2 Rd3
47. Rc2 Rd4 48. Kb3 b5 49. Rc8+ Kh7 50. Kc3 Rd7 51. Rc5 a6 52. Rc6 Ra7 53. Rb6
g6 54. g4 1/2-1/2

[Event "Tournoi Skype 026B"]
[Site "Skype"]
[Date "????.??.??"]
[Round "4.7"]
[White "Bendre, Pankaj"]
[Black "Le Bouill, Pierre"]
[Result "1-0"]
[WhiteElo "1461"]
[BlackElo "1198"]
[PlyCount "67"]

1. e4 c6 2. d4 d5 3. Nc3 dxe4 4. Nxe4 Bf5 5. Ng3 e6 6. Bc4 Nf6 7. Bg5 Bd6 8.
Nh5 Rg8 9. c3 Be7 10. Ng3 Bg6 11. h4 h6 12. Bf4 Bd6 13. Bxd6 Qxd6 14. h5 Be4
15. Nf3 Nbd7 16. Qe2 Bd5 17. Bd3 Nb6 18. c4 Bxf3 19. gxf3 Qxd4 20. Nf5 Qd7 21.
Qe5 O-O-O 22. O-O-O Qc7 23. Qxc7+ Kxc7 24. Ne3 Rd4 25. Kc2 Na4 26. b3 Nc5 27.
Be2 Rxd1 28. Bxd1 Rd8 29. Rh4 Nd3 30. Rh2 Ne5 31. Be2 b6 32. f4 Neg4 33. Nxg4
Nxg4 34. Bxg4 1-0

[Event "Tournoi Skype 026B"]
[Site "Skype"]
[Date "????.??.??"]
[Round "4.8"]
[White "Tembhurnekar, Ritu"]
[Black "Zenini, Simone"]
[Result "0-1"]
[WhiteElo "1179"]
[BlackElo "1458"]
[PlyCount "74"]

1. d4 Nf6 2. c4 g6 3. d5 Bg7 4. Nc3 d6 5. Nf3 O-O 6. Bf4 c6 7. e4 Nbd7 8. Be2
Qa5 9. O-O Nc5 10. e5 dxe5 11. Bxe5 cxd5 12. cxd5 Ncd7 13. Bf4 Nb6 14. d6 exd6
15. Bxd6 Rd8 16. Nb5 a6 17. Nc7 Ra7 18. b4 Qa3 19. Qd2 Ne4 20. Qf4 Nxd6 21.
Rad1 Bf8 22. Ne5 Qxa2 23. Rd2 Qb3 24. Rd3 Qc2 25. Rd2 Qxc7 26. Bg4 Bxg4 27.
Nxg4 Be7 28. Rd3 Raa8 29. Rh3 h5 30. Ne3 Qd7 31. Rc1 Rac8 32. Rd1 Qe6 33. f3
Nf5 34. Rxd8+ Rxd8 35. Kf2 Nxe3 36. g4 hxg4 37. fxg4 Nxg4+ 0-1

[Event "Tournoi Skype 026B"]
[Site "Skype"]
[Date "????.??.??"]
[Round "4.9"]
[White "Cengiz, Ali Ekber"]
[Black "Galani, Mahendra"]
[Result "0-1"]
[WhiteElo "1153"]
[BlackElo "1437"]
[PlyCount "70"]

1. e4 e5 2. Nf3 Nc6 3. Bc4 Qf6 4. d3 h6 5. c3 Na5 6. Bb5 b6 7. Be3 c6 8. Ba4 b5
9. Bc2 Be7 10. Nbd2 d6 11. h3 Qg6 12. g3 Nf6 13. Qe2 Be6 14. b4 Nb7 15. a4 bxa4
16. Bxa4 Nd8 17. b5 cxb5 18. Bxb5+ Nd7 19. Ba4 O-O 20. Nb3 Nb6 21. Bb5 Bxb3 22.
Bxb6 Be6 23. Ba5 Qh5 24. Qf1 Qxf3 25. Rb1 d5 26. Rb2 dxe4 27. dxe4 Qxe4+ 28.
Be2 Nc6 29. f3 Qa4 30. Rb5 Nxa5 31. Kf2 Nc6 32. Rb7 Bc5+ 33. Kg2 e4 34. Bb5
Qa2+ 35. Qf2 Qxf2# 0-1

[Event "Tournoi Skype 026B"]
[Site "Skype"]
[Date "????.??.??"]
[Round "4.10"]
[White "Conde, Abigail"]
[Black "Gerbaux, Regis"]
[Result "1-0"]
[WhiteElo "1068"]
[BlackElo "1404"]
[PlyCount "40"]

1. d4 d5 2. Nf3 Bf5 3. e3 e6 4. Ne5 Nd7 5. Bb5 c6 6. Bc4 dxc4 7. Nxc4 Ngf6 8.
Nbd2 g6 9. h3 Bg7 10. Qe2 Qe7 11. e4 Nxe4 12. Nxe4 O-O 13. O-O Bxd4 14. c3 Be5
15. Bg5 Bf6 16. Bh6 Bg7 17. Bf4 Bxe4 18. Qxe4 Nf6 19. Qe2 Nd5 20. Bd6 Nf4 1-0